000 00851nmm a2200265 a 4500
001 ocm000557930
003 TR-IsHL
005 20201028121702.0
008 130705s2008 tu tur
007 cr cn
020 _a9786055898007
035 _a557930
_b(N$T)
050 0 4 _aWO700
_b.Y37 2008
090 0 4 _aWO700
_b.Y37 2008
245 1 0 _aYara bakımı ve tedavisi sempozyumu, 20 - 21 Kasım 2008
_h[electronic resource]
250 _a1 bs.
260 _aİstanbul :
_bİstanbul Üniversitesi Cerrahpaşa Tıp Fakültesi,
_c2008
300 _a248 p.
650 4 _aTıp
650 4 _aMedicine
650 0 _aYaralar ve yaralanmalar
_x Tedavi
650 0 _aWounds and injuries
_x Therapy
650 7 _aMEDICAL / General
_2bisacsh
856 4 0 _uhttp://search.ebscohost.com/login.aspx?direct=true&scope=site&db=e011xww&AN=557930
999 _c1460
_d1460